000 00313nam a22001337a 4500
008 170622b xxu||||| |||| 00| 0 eng d
020 _a9780199273485
041 _aeng
080 _a327
100 _a20
101 _aSHP
245 _aINTERNATIONAL RELATIONS AND THE EUROPEAN UNION
_cHILL,CH
942 _2udc
_cBK
999 _c18643
_d18643